000 01305pam a2200349 a 4500
001 3400441
003 ost
005 20140310184505.0
008 890824s1990 caua j 000 1 eng
010 _a 89039896
020 _a0590486209
040 _aDLC
_cDLC
_dDLC
042 _alcac
050 0 0 _aPZ 7
_b.M8544Co 1994
100 1 _aMost, Bernard.
_927556
245 1 4 _aThe cow that went oink /
_cwritten and illustrated by Bernard Most.
250 _a1st ed.
260 _aSan Diego :
_bHarcourt Brace Jovanovich,
_c1994
300 _bcol. ill. ;
_c22 x 27 cm.
520 _aA cow that oinks and a pig that moos are ridiculed by the other barnyard animals until each teaches the other a new sound.
521 _aG1
526 _c270
562 _e1
650 1 _aAnimal sounds
_xFiction.
_928892
650 1 _aDomestic animals
_xFiction.
_928893
856 4 2 _3Publisher description
_uhttp://www.loc.gov/catdir/description/har041/89039896.html
856 4 2 _3Contributor biographical information
_uhttp://www.loc.gov/catdir/enhancements/fy1003/89039896-b.html
906 _a7
_bcbc
_corignew
_d1
_eocip
_f19
_gy-gencatlg
942 _2lcc
_cBK-SCHOLAS
999 _c34818
_d34818